00785nam a2200205 i 450000100060000000300090000600500170001500700030003200800410003510000210007624500570009725000120015426000610016630000200022749000730024750501130032065000350043383000730046885200380054187255ES-MaACL20230906175630.0t|041220m19731981xxu ||||1| eng d1 aKnuth, Donald E.14aThe art of computer programming / cDonald E. Knuth. a2nd ed. aReading, Massachusetts : bAddison-Wesley, c[1973-1981] a3 v. ; c24 cm.1 aAddison-Wesley series in computer science and information processing8 aContiene: V. I: Fundamental algorithms. -- V. II: Seminumerical algorithms. -- V. III: Sorting and searching04aProgramación de ordenadores.0 aAddison-Wesley series in computer science and information processing aES-MaACLjP-61 bR.113723, 114195